Statystyki dla Najwyięksi Odbiorcy Pomocy Zagranicznej

Kliknij tutaj aby rozwiązać quiz!

Ogólne statystyki

  • Ten quiz został rozwiązany 10 razy
  • Średni wynik to 10 z 21

Statystyki odpowiedzi

Netto w $Kraje% Poprawnych
4.66 bilAfganistan
88%
3.54 bilDemokratyczna Republika Konga
63%
3.12 bilIndie
63%
1.81 bilIrak
63%
3.87 bilJemen
63%
2.70 bilPakistan
63%
2.40 bilSomalia
63%
2.21 bilUkraina
63%
5.04 bilBangladesz
50%
8.24 bilEgipt
50%
3.98 bilEtiopia
50%
3.14 bilKenia
50%
3.36 bilNigeria
50%
3.77 bilSudan
50%
9.69 bilSyria
50%
2.11 bilSudan Południowy
38%
2.57 bilTanzania
38%
2.52 bilUganda
38%
3.44 bilJordania
13%
1.91 bilKolumbia
13%
2.25 bilMozambik
0%

Rozkład punktacji

Percentyl według liczby udzielonych odpowiedzi

Procent ludzi z każdym wynikiem

Twoja historia wyników

Nie rozwiązałeś tego quizu